000 00902cam a2200277 a 4500
001 14548802
003 OSt
005 20230531164751.0
008 060913s2006 nyu 000 0 eng
010 _a 2006317118
020 _a1869886135
040 _aDLC
_cDLC
_dDLC
042 _alcode
043 _af-ke---
082 _a808KIN
100 0 _aMaina wa Kinyatti.
245 1 4 _aThe pen and the gun :
_bselected essays, letters, and poems /
_cMaina wa Kinyatti.
260 _aJamaica, NY ;
_aNairobi, Kenya :
_bMau Mau Research Center,
_cc2006.
300 _axxxviii, 289 p. ;
_c22 cm.
651 0 _aKenya
_xHistory
_y1963-
651 0 _aKenya
_xPolitics and government
_y1978-
856 4 1 _3Table of contents only
_uhttp://www.loc.gov/catdir/toc/fy0703/2006317118.html
906 _a7
_bcbc
_corigode
_d3
_encip
_f20
_gy-gencatlg
942 _2ddc
_cBK
999 _c21
_d21